Skip to content
VuFind
All Fields
Title
Author
Subject
Call Number
ISBN/ISSN
Tag
Find
Advanced
The making of morden Africa
Cite this
Print
Export Record
Export to RefWorks
Export to EndNoteWeb
Export to EndNote
Export to MARC
The making of morden Africa
Bibliographic Details
Format:
Book
Holdings
Description
Similar Items
Staff View
MARC
LEADER
00000cam a2200000 7i4500
001
0000008616
002
000009392
005
20000330.0
020
|a
0582585090
090
0
0
|a
980.23
|b
MAK
245
1
4
|a
The making of morden Africa
999
|a
0004926
|b
BUKU
|c
PINJAMAN
|e
PERPUSTAKAAN KOMUNITI PETALING JAYA
Similar Items
The Aymara of South America
by: Eagen, James
Published: (2002)
The Yanomami of South America
by: Tahan, Raya
Published: (2002)
Forgotten continent : the battle for Latin America's soul
by: Reid, Michael
Published: (2007)
South America
by: Williams, Heather DiLorenzo
Published: (2019)
South America
by: Banting, Erinn
Published: (2018)